LEADER 01120nam0-2200289 --450 001 9910853096303321 005 20240520172054.0 017 70$a335472$2U 020 $aIT$b1957 3388 100 $a20240520d1957----kmuy0itay5050 ba 101 0 $aita 102 $aIT 105 $a 001yy 200 1 $aLocali e attrezzature delle biblioteche, dei gabinetti scientifici e dei laboratori$e(Circolare n. 15050 del 19 novembre 1956)$fMinistero della pubblica istruzione. Ispettorato dell'istruzione Media non governativa 210 $aRoma$cIst. Poligr. Dello Stato$d1957 215 $a96 p.$d23 cm 610 0 $aBiblioteche$aArchitettura 610 0 $aLaboratori scientifici$aArchitettura 676 $a010$v23$zita 710 02$aItalia$b: Ministero della pubblica istruzione$b: Ispettorato dell'istruzione media non governativa$4070$0334507 801 0$aIT$bUNINA$gREICAT$2UNIMARC 901 $aBK 912 $a9910853096303321 952 $aA MIC 1433$b7536/2024$fFAGBC 959 $aFAGBC 996 $aLocali e attrezzature delle biblioteche, dei gabinetti scientifici e dei laboratori$94158267 997 $aUNINA